Formas elementales de la dialéctica

Bibliografiske detaljer
Hovedforfatter: Piaget, Jean
Format: Bog
Sprog:spansk
Udgivet: Barcelona, España : Gedisa, 1996
Fag:

MARC

LEADER 00000nam a2200000Ia 4500
008 150820b1996 sp ||||| |||| 00| | spa d
020 |a 8474321484 
090 |a 160   |b P579f2  
100 |a Piaget, Jean 
245 |a Formas elementales de la dialéctica 
260 |a Barcelona, España :   |b Gedisa,   |c 1996 
300 |a 216 páginas 
650 1 4 |a LÓGICA   |9 640 
942 |i 439529   |h 160 P579f2   |2 z  |c 01 
999 |c 235  |d 235